1 album = 1 rappeur (FR) - Statistiques

Statistiques générales
  • Ce quiz a été pris 4 614 fois
  • Le résultat moyen est 23 sur 50
Statistiques - réponses
Hint Réponse % Correct
VII Koba la D
96%
A7 Sch
89%
DRILL FR Gazo
88%
BATTERIE FAIBLE Damso
85%
FEU Nekfeu
85%
OUEST SIDE Booba
84%
QUE LA FAMILLE Pnl
84%
COMME PREVU Ninho
76%
AKIMBO Ziak
75%
ALPH LAUREN Alpha Wann
73%
RIEN 100 RIEN Jul
72%
LE BRUIT DE MON AME Kaaris
72%
ZIFUKORO Niska
72%
THE NO FACE 2 La F
70%
LA VRAIE VIE Bigflo et Oli
66%
POCHON BLEU Naps
66%
NQNT Vald
64%
PERDU D'AVANCE Orelsan
61%
TRAP$TAR Leto
60%
TENEBREUX Plk
55%
SURVIE Zola
54%
.RAW Laylow
52%
IMANY Dinos
50%
KOLAF La fève
46%
LE MONDE PLUS GROS QUE MES YEUX Black M
45%
KPRI TAPE, VOL 1 Kpri
45%
R.A.S. Kalash Criminel
43%
SEINE ZOO S-Crew
42%
VIEILLES MERDES, VOL II Freeze Corleone
38%
CALIENTE Timal
34%
GRAND MONSIEUR Rohff
31%
ARRETEZ-LE 1plike140
28%
DOUBLE HELICE Caballero et JeanJass
25%
CAMELEON Zkr
24%
COULEUR DE MA PEINE Zamdane
22%
LE REVERS DE LA MEDAILLE DjaDja et Dinaz
21%
ECHECS POSITIFS Josman
20%
NIBIRU Osirus Jack
20%
LA VIE EST BELLE Gambi
19%
MAJESTE Lomepal
18%
MOVIE TAPE Ashe 22
16%
PRIVATE CLUB Jazzy Bazz
16%
LA VIE DE LUXE Youv Dee
14%
PRIMERA TEMPORADA Zuukou Mayzie
13%
VISIONNAIRE Lefa
12%
MORALE Romeo Elvis
12%
TRASH TALKING Zeu
5%
MAQUINA 3 Gouap
3%
JIG Mussy
3%
RAR. Norsacce Berlusconi
3%
Aucun quiz correspondant
Distribution des résultats
% des personnes avec chaque résultat
Percentile par nombre de réponses
Votre historique - résultats
Vous n’avez pas pris ce quiz